| Tag |
First Indicator |
Second Indicator |
Subfields |
| LEADER |
00000pam a2200000 i 4500 |
| 001 |
in00000048390 |
| 005 |
20151007071558.0 |
| 008 |
790130s1980 nyua b 00110 eng |
| 010 |
|
|
|a 79001142
|
| 020 |
|
|
|a 0080229956
|
| 035 |
|
|
|a (OCoLC)04665709
|
| 035 |
|
|
|9 AAE6240AM
|
| 040 |
|
|
|a DLC
|c DLC
|d TXA
|d UtOrBLW
|
| 049 |
|
|
|a TXAM
|c [981401]
|
| 050 |
0 |
0 |
|a HM132
|b .T44 1980
|
| 082 |
0 |
|
|a 301.11
|
| 100 |
1 |
|
|a Teger, Allan I.
|
| 245 |
1 |
0 |
|a Too much invested to quit /
|c Allan I. Teger with Mark Cary, Aaron Katcher, Jay Hillis.
|
| 264 |
|
1 |
|a New York :
|b Pergamon Press,
|c [1980]
|
| 264 |
|
4 |
|c ©1980
|
| 300 |
|
|
|a xiii, 149 pages :
|b graphs ;
|c 24 cm.
|
| 336 |
|
|
|a text
|b txt
|2 rdacontent
|
| 337 |
|
|
|a unmediated
|b n
|2 rdamedia
|
| 338 |
|
|
|a volume
|b nc
|2 rdacarrier
|
| 490 |
1 |
|
|a Pergamon general psychology series
|
| 500 |
|
|
|a Includes index.
|
| 504 |
|
|
|a Bibliography: pages 143-146.
|
| 650 |
|
0 |
|a Interpersonal relations.
|
| 650 |
|
0 |
|a Commitment (Psychology)
|
| 650 |
|
0 |
|a Social conflict.
|
| 650 |
|
0 |
|a Motivation (Psychology)
|
| 830 |
|
0 |
|a Pergamon general psychology series.
|
| 999 |
|
|
|a MARS
|
| 999 |
f |
f |
|s 021d2fd1-6188-3927-96ac-67659ff1bb40
|i e2af7cc8-30ba-3c75-8408-1344ffc22b88
|t 0
|
| 952 |
f |
f |
|p ric
|a Texas A&M University
|b Rellis Campus
|c Joint Library Facility
|d Remote Storage
|t 0
|e HM132 .T44 1980
|h Library of Congress classification
|i unmediated -- volume
|m A14802915494
|
| 998 |
f |
f |
|a HM132 .T44 1980
|t 0
|l Remote Storage
|